| 000 | 00996nas a2200313 4500 | ||
|---|---|---|---|
| 001 | BR2010004230 | ||
| 003 | BR-BrBNA | ||
| 005 | 20231205114711.0 | ||
| 007 | ta | ||
| 008 | 230509b bl.|||p| |||| 00| 00por d | ||
| 040 |
_aBR-BrBNA _bpor _cBiblioteca Nacional de Agricultura |
||
| 041 | _a(Pt) | ||
| 072 | _aL01; L02 | ||
| 100 | 1 | _aSantos, J.R.S. dos | |
| 100 | 1 | _aPereira Filho, J.M. | |
| 100 | 1 | _aSilva, A.M. de A. | |
| 100 | 1 | _aCezar, M.F. | |
| 100 | 1 | _aBorburema, J.B. | |
| 100 | 1 | _aSilva, J.O.R. | |
| 245 | 1 | _aComposição tecidual e química dos cortes comerciais da carcaça de cordeiros Santa Inês terminados em pastagem nativa com suplementação | |
| 650 | _aCORDEIRO | ||
| 650 | _aGORDURA | ||
| 650 | _aCORTE | ||
| 650 | _aCARCAÇA | ||
| 650 | _aCOMPOSIÇÃO QUÍMICA | ||
| 773 | 0 |
_tRevista Brasileira de Zootecnia (Brazil) _xISSN 1516-3598 _g(Dec 2009), v. 38(12) p. 2499-2505 _wBR2010004230 |
|
| 909 |
_a202311 _bLúcia _c55 _dLúcia Elande |
||
| 942 |
_2AGRIS _n0 _cANA |
||
| 999 |
_c210027 _d210027 |
||